00675 2200229 4500001002100000005001700021008004100038020001800079035002500097040001200122082001200134084002200146090002200168100003500190245008300225250001000308260002700318300004600345650001700391700002500408850001200433INLIS00000000000174920150205101954.0  a979-16776-6-2 a0010-021500000000033 aYOPDYOG a809.382 aDEP 809.382 Sai B aDEP 809.382 Sai B aSAIFUDDIN ZUHRI, KH, 1919-1986 aBerangkat dari pesantrenc/ KH. Saifuddin Zuhri ; editor, Jajang Husni Hidayat aCet.1 aYogyakartabLKISc2013 axx, 775 hlm.b: ilus.c; 24 cm. (2 eks.). aAutobiografi aJajang Husni Hidayat aYOPDYOG